<?xml version="1.0" encoding="UTF-8"?><?xml-stylesheet type="text/xsl" href="static/style.xsl"?><OAI-PMH xmlns="http://www.openarchives.org/OAI/2.0/" xmlns:xsi="http://www.w3.org/2001/XMLSchema-instance" xsi:schemaLocation="http://www.openarchives.org/OAI/2.0/ http://www.openarchives.org/OAI/2.0/OAI-PMH.xsd"><responseDate>2026-04-13T13:21:02Z</responseDate><request verb="GetRecord" identifier="oai:www.recercat.cat:10459.1/73025" metadataPrefix="marc">https://recercat.cat/oai/request</request><GetRecord><record><header><identifier>oai:recercat.cat:10459.1/73025</identifier><datestamp>2024-12-04T13:02:03Z</datestamp><setSpec>com_2072_3622</setSpec><setSpec>col_2072_478537</setSpec></header><metadata><record xmlns="http://www.loc.gov/MARC21/slim" xmlns:dcterms="http://purl.org/dc/terms/" xmlns:xsi="http://www.w3.org/2001/XMLSchema-instance" xmlns:doc="http://www.lyncode.com/xoai" xsi:schemaLocation="http://www.loc.gov/MARC21/slim http://www.loc.gov/standards/marcxml/schema/MARC21slim.xsd">
   <leader>00925njm 22002777a 4500</leader>
   <datafield ind2=" " ind1=" " tag="042">
      <subfield code="a">dc</subfield>
   </datafield>
   <datafield ind2=" " ind1=" " tag="720">
      <subfield code="a">Domínguez Martínez, Santiago</subfield>
      <subfield code="e">author</subfield>
   </datafield>
   <datafield ind2=" " ind1=" " tag="260">
      <subfield code="c">2022-02-17T08:28:12Z</subfield>
   </datafield>
   <datafield ind2=" " ind1=" " tag="260">
      <subfield code="c">2022-02-17T08:28:12Z</subfield>
   </datafield>
   <datafield ind2=" " ind1=" " tag="260">
      <subfield code="c">2021-09</subfield>
   </datafield>
   <datafield ind2=" " ind1=" " tag="520">
      <subfield code="a">L’objecte d’aquest document és proporcionar totes les dades i càlculs per donar&#xd;
una idea clara de les obres que s’han d’efectuar per tal d’optimitzar la instal·lació&#xd;
d’un sistema de refrigeració existent, a la residència i centre de dia per gent gran&#xd;
Balafia 1, Lleida.&#xd;
Es pretén millorar el sistema de producció de fred i calor actual, substituint la&#xd;
(obsoleta per baixa eficiència) planta refredadora actual, per una bomba de calor&#xd;
geotèrmica reversible, que cobreix la totalitat de la demanda frigorífica de l’edifici&#xd;
i es pot utilitzar per calefactar durant els mesos intermedis de fred, donat que en&#xd;
l’actualitat, la instal·lació ja compta amb un interconnexionat entre els equips de&#xd;
producció de fred i calor.</subfield>
   </datafield>
   <datafield ind1="8" ind2=" " tag="024">
      <subfield code="a">http://hdl.handle.net/10459.1/73025</subfield>
   </datafield>
   <datafield tag="653" ind2=" " ind1=" ">
      <subfield code="a">Geotèrmia</subfield>
   </datafield>
   <datafield tag="653" ind2=" " ind1=" ">
      <subfield code="a">Geotèrmia</subfield>
   </datafield>
   <datafield tag="653" ind2=" " ind1=" ">
      <subfield code="a">Energia geotèrmica</subfield>
   </datafield>
   <datafield ind2="0" ind1="0" tag="245">
      <subfield code="a">Millora de la instal·lació de climatització mitjançant geotèrmia a la residència Balàfia I, Lleida</subfield>
   </datafield>
</record></metadata></record></GetRecord></OAI-PMH>